00867nam a2200265 a 4500999001500000001000400015003000900019005001700028008004100045020001500086040002800101082001600129100001800145245008200163250001200245260004800257300004500305504005100350650001300401650001900414650002200433700002000455942001200475952011400487 c4898d4898120BD-DhUAP20201124105535.0201124s1989 iaua b 001 0 eng  a0534091806 aDLCcDLCbengdBD-DhUAP00a570 STA223 aStarr, Cecie. aBiology : bthe unity and diversity of life /cCecie Starr and Ralph Taggart. a5th ed. aBelmont, California : bWadsworth, cc1989. axx, 834 pages :billustrations ;c29 cm. aIncludes bibliographical references and index. 0aBiology. 0aPlant anatomy. 0aPlant physiology. aTaggart, Ralph. 2ddccBK 00102ddc4070aUAPCLbUAPCLcGeneral Stacksd2020-11-24o570 STAp3010000120r2020-11-24t1w2020-11-24yBK